<?xml version="1.0" encoding="UTF-8"?>
<record
    xmlns:xsi="http://www.w3.org/2001/XMLSchema-instance"
    xsi:schemaLocation="http://www.loc.gov/MARC21/slim http://www.loc.gov/standards/marcxml/schema/MARC21slim.xsd"
    xmlns="http://www.loc.gov/MARC21/slim">

  <leader>01443nam a22002297a 4500</leader>
  <controlfield tag="001">113357</controlfield>
  <controlfield tag="003">DR-UNIBE</controlfield>
  <controlfield tag="005">20250321110851.0</controlfield>
  <controlfield tag="008">250321b2021    dr ||||| |||| 00| 0 spa d</controlfield>
  <datafield tag="020" ind1=" " ind2=" ">
    <subfield code="a">97899280652659</subfield>
  </datafield>
  <datafield tag="040" ind1=" " ind2=" ">
    <subfield code="a">BIBLIOTECA UNIBE</subfield>
    <subfield code="b">spa</subfield>
    <subfield code="c">BIBLIOTECA UNIBE</subfield>
    <subfield code="e">rda</subfield>
  </datafield>
  <datafield tag="041" ind1=" " ind2=" ">
    <subfield code="a">spa</subfield>
  </datafield>
  <datafield tag="082" ind1=" " ind2=" ">
    <subfield code="a">RD 305.22 I43k </subfield>
  </datafield>
  <datafield tag="245" ind1=" " ind2=" ">
    <subfield code="a">Informe Kids Online Rep&#xFA;blica Dominicana : </subfield>
    <subfield code="b">informe de an&#xE1;lisis de la encuesta nacional sobre uso del internet en ni&#xF1;as, ni&#xF1;os y adolescentes 2020</subfield>
  </datafield>
  <datafield tag="260" ind1=" " ind2=" ">
    <subfield code="a">Rep&#xFA;blica Dominicana :</subfield>
    <subfield code="b">Fondo de las Naciones Unidades para la Infancia (UNICEF)  :</subfield>
    <subfield code="b">Instituto Dominicano de las Telecomunicaciones (INDOTEL),</subfield>
    <subfield code="c">2021</subfield>
  </datafield>
  <datafield tag="300" ind1=" " ind2=" ">
    <subfield code="a">137 p&#xE1;ginas</subfield>
  </datafield>
  <datafield tag="505" ind1=" " ind2=" ">
    <subfield code="a">1.	Introducci&#xF3;n |
2.	Principales resultados |
3.	Marco Conceptual |
4.	El contexto de Rep&#xFA;blica Dominicana |
5.	Dise&#xF1;o metodol&#xF3;gico de Kids Online Rep&#xFA;blica Dominicana |
6.	Accesos a Internet: frecuencia y dispositivos |
7.	La pandemia en Rep&#xFA;blica Dominicana y las medidas del sistema educativo formal |
8.	Pr&#xE1;cticas digitales |
9.	Habilidades digitales |
10.	Experiencias y percepciones sobre riesgos y episodios negativos en l&#xED;nea |
11.	Apoyo de adultos para el uso de tecnolog&#xED;as digitales |
12.	S&#xED;ntesis y recomendaciones |

</subfield>
  </datafield>
  <datafield tag="650" ind1=" " ind2="7">
    <subfield code="2">lemb</subfield>
    <subfield code="a"> Infancia</subfield>
    <subfield code="z">Rep&#xFA;blica Dominicana</subfield>
    <subfield code="9">193293</subfield>
  </datafield>
  <datafield tag="650" ind1=" " ind2="7">
    <subfield code="2">lemb</subfield>
    <subfield code="a"> Adolescencia</subfield>
    <subfield code="z">Rep&#xFA;blica Dominicana</subfield>
    <subfield code="9">20675</subfield>
  </datafield>
  <datafield tag="653" ind1=" " ind2=" ">
    <subfield code="a">Internet y ni&#xF1;os</subfield>
  </datafield>
  <datafield tag="942" ind1=" " ind2=" ">
    <subfield code="2">ddc</subfield>
    <subfield code="c">BK</subfield>
  </datafield>
  <datafield tag="999" ind1=" " ind2=" ">
    <subfield code="c">113357</subfield>
    <subfield code="d">113357</subfield>
  </datafield>
  <datafield tag="952" ind1=" " ind2=" ">
    <subfield code="0">0</subfield>
    <subfield code="1">0</subfield>
    <subfield code="2">ddc</subfield>
    <subfield code="7">0</subfield>
    <subfield code="8">GEN-RD</subfield>
    <subfield code="a">Principal</subfield>
    <subfield code="d">2025-03-21</subfield>
    <subfield code="l">0</subfield>
    <subfield code="o">RD 305.22 I43k </subfield>
    <subfield code="p">250173</subfield>
    <subfield code="r">2025-03-21 11:09:54</subfield>
    <subfield code="t">Ej. 1</subfield>
    <subfield code="w">2025-03-21</subfield>
    <subfield code="y">BK</subfield>
  </datafield>
</record>
